000 01300nam a22002657a 4500
001 9004
003 FISKH
005 20251113143535.0
008 251113b cb ||||| |||| 00| 0 eng d
020 _a9780307479518
040 _aFISKH
_beng
_cFISKH
_dFISKH
050 _aPZ7
082 _a372.4
100 _aWilsdon, Christina
_eAuthor
245 _aSecond grade reading roundup :
_bFun games & activities to boost skills /
260 _aNew York :
_bSylvan Learning Inc. ,
_c2012
300 _a29 pages :
_bcolor illustrations ;
_c23 cm
505 _aJ
520 _aHave fun improving reading skills with Sylvan's proven techniques for success! Second Grade Reading Roundup helps children improve their reading skills through engaging games and activities. Packed with colorful pictures and short, fun exercises, this book will help students learn and practice reading while they: · Help Cowgirl Pearl round up words with the same consonant blends or vowel sounds · Navigate a maze by following a path of words that share the same sound · See what happens when you chop prefixes off words, and add suffixes to others · And much more!
521 8 _a450
_bLexile estimate
521 8 _aJ
_bRaz-Plus
650 _a2nd grade
_vFun games
942 _2ddc
_cBK
_n0
999 _c9004
_d9004